Encuentro Nacional de pastores y pastoras 2000 : "La iglesia colombiana hacia la construcción de una cultura de paz" / Visión Mundial Colombia, Cristo para la Ciudad y CEDECOL (Registro nro. 42961)
[ vista simple ]
| 000 -LÍDER | |
|---|---|
| Campo fijo de descripción fija | 004690000a22001330004500 |
| 041 0# - CÓDIGO DE IDIOMA | |
| Código de idioma para texto/pista de sonido o título separado | |
| 082 04 - NÚMERO DE CLASIFICACIÓN DECIMAL DEWEY | |
| Número de clasificación | AV 0117 |
| 001 - NÚMERO DE CONTROL | |
| Campo de control | 14048 |
| 110 1# - ASIENTO PRINCIPAL--NOMBRE CORPORATIVO | |
| Nombre corporativo o de jurisdicción como elemento de entrada | Visión Mundial Colombia, Cristo para la Ciudad y CEDECOL |
| 245 10 - TÍTULO | |
| Título del Material | Encuentro Nacional de pastores y pastoras 2000 : "La iglesia colombiana hacia la construcción de una cultura de paz" / Visión Mundial Colombia, Cristo para la Ciudad y CEDECOL |
| 300 ## - DESCRIPCIÓN FÍSICA | |
| Extensión | 2 Pág. |
| 505 00 - NOTA DE CONTENIDO | |
| Nota de contenido con formato preestablecido | Declaración de Girardot |
| 942 ## - TIPO DE MATERIAL (KOHA) | |
| Tipo de Item KOHA | Libros General |
| Estado de Material | Estado de Perdido | Estado de Dañado | No para Préstamo | Colección | Tomo | Biblioteca de Origen | Biblioteca Permanente | Fecha de Adquisición | Total de Préstamos | Signatura Topográfica | Código de Barras | Última vez visto | Ejemplar/Existencia | Fecha de Remplazo | Tipo de Material |
|---|---|---|---|---|---|---|---|---|---|---|---|---|---|---|---|
| Colección Folletos | Biblioteca FUSBC | Biblioteca FUSBC | 23/10/2006 | AV 0117 | 23276 | 12/12/2019 | 1 | 26/01/2016 | Documentos Archivo Vertical |
